00500nam a2200169 i 4500001000700000003000900007007000300016008004100019080002000060080001900080100003200099245007200131260003100203300003000234651003500264852003100299146406ES-MaACLt|070907s1953 sp ||||1| spa d a914.641 M.(026) a946.41 M.(088)1 aTraverso Masiello, Antonio.10aVisiones de antaño b: (Madrid antiguo) / cA. Traverso Masiello. aMadrid : b[s.n.], c1953. a178 p. : bil. ; c17 cm. 4aMadrid-vGuías turísticas. aES-MaACLjC-6367 bR.34901